000 01251nam a2200325 i 4500
003 EG-GICUC
005 20260121101646.0
008 260104s1989 ua ||||fr|||| 001 0 ara d
017 _a1989/1879
040 _a EG-GICUC
_bara
_c EG-GICUC
_d EG-GICUC
_erda
041 _aara
082 0 4 _a343.433
_bم ح . ت
_221
092 0 4 _221
099 _aLaw1 10 343.433 م ح . ت1997 1006770
100 0 _aمحمد كمال حمدي.
_eمؤلف.
245 1 2 _aالتسول في القانون المصري والقانون المقارن /
_cلواء دكتور محمد الجمال.
264 1 _aالقاهرة :
_bدار المشرق العربي،
_c1989.
300 _a51 صفحة ؛
_c22 سم.
336 _2rda content
_atext
337 _2rda media
_aComputer
338 _2rda carrier
_aOnline Resource
490 1 _aسلسلة جرائم التشرد والإشتباه ؛
_vالجزء الثاني.
504 _aيشتمل على ارجاعات ببليوجرافية.
546 _aالنص باللغة العربية
650 1 _aالتشريع الخاص بالتشرد والتسول.
_2qrmak
651 1 _2qrmak
856 4 0 _uhttps://fll.law.cu.edu.eg/fulltext/bks/B10-06770.pdf
905 _a18
942 _2ddc
_n0
_cBK
_e21
999 _c54498
_d54498